[Event "World U16-ch10"]
[Site "Champigny sur Marne"]
[Date "1984.04.??"]
[Round "?"]
[White "Hellers, Ferdinand"]
[Black "Ivanchuk, Vassily"]
[Result "1/2-1/2"]
[WhiteElo "2200"]
[BlackElo "2390"]
[PlyCount "61"]
[EventDate "1984.04.01"]
[EventType "swiss"]
[EventRounds "11"]
[EventCountry "FRA"]
[SourceTitle "EXT 2015"]
[Source "ChessBase"]
[SourceDate "2014.11.20"]
[SourceVersion "1"]
[SourceVersionDate "2014.11.20"]
[SourceQuality "1"]
[TimeControl "40/9000:16/5400:0"]

1. e4 d6 2. d4 Nf6 3. Nc3 g6 4. f4 Bg7 5. Nf3 c5 6. Bb5+ Bd7 7. e5 Ng4 8. e6
Bxb5 9. exf7+ Kd7 10. Nxb5 Qa5+ 11. Nc3 cxd4 12. Nxd4 Bxd4 13. Qxd4 Nc6 14. Qc4
(14. Qd1) (14. Qe4) 14... Qb6 {[%csl Rf2]} 15. Qe2 h5 16. Bd2 (16. h3 Nh6 {
[%cal Gh6f5,Gf5g3]}) 16... Nd4 17. Qd3 Nf5 18. Ne4 Rac8 19. O-O-O $36 {[%csl
Rd7][%cal Gc1b1]} Nge3 20. Bxe3 Nxe3 21. c3 $146 (21. Nc3 Nxd1 {Timman,J (2605)
-Van Wijgerden,C (2440) NED-ch38 Hilversum 1983 (3) 1/2-1/2}) 21... Nxd1 22.
Rxd1 Qa6 23. Qh3+ (23. Qxa6 bxa6 24. h4 Rhf8 25. Ng5 $44 {[%csl Gg5]}) 23...
Kc7 24. Qe6 Kb8 25. a3 {Un coup naturel mais Qe7 était gagnant} (25. Qxe7 $1
Qxa2 $4 (25... Qe2 26. Qxd6+) 26. Nxd6 {[%cal Ge7b7]} Rc7 (26... Qa6 27. Nxc8)
27. f8=Q+) 25... Rc7 26. Ng5 Qa4 27. Qe3 Rf8 28. g3 Qc4 29. Ne6 Rxf7 30. Nxc7
Qxc7 31. Re1 1/2-1/2

[Event "World U16-ch10"]
[Site "Champigny sur Marne"]
[Date "1984.04.??"]
[Round "?"]
[White "Ivanchuk, Vassily"]
[Black "Hansen, Lars Bo"]
[Result "1-0"]
[WhiteElo "2390"]
[BlackElo "2200"]
[PlyCount "93"]
[EventDate "1984.04.01"]
[EventType "swiss"]
[EventRounds "11"]
[EventCountry "FRA"]
[SourceTitle "EXT 2004"]
[Source "ChessBase"]
[SourceDate "2003.11.25"]
[SourceVersion "1"]
[SourceVersionDate "2003.11.25"]
[SourceQuality "1"]

1. d4 Nf6 2. c4 c5 3. Nf3 cxd4 4. Nxd4 e6 (4... e5 5. Nb5 d5 6. cxd5 Bc5 {
Le gambit Vaganian popularisé par Kasparov dans les années 80.}) 5. g3 Nc6 (
5... d5) (5... Bb4+) (5... Qc7 6. Nc3 a6 7. Bg2 Qxc4 8. Bf4 $44) 6. Bg2 Qb6 7.
Nb5 (7. Nb3) (7. Nc2) 7... Bb4+ (7... Ne5 $142 8. N1c3 a6 9. Qa4 (9. Na3 {
Gelfand,B (2704)-Van Wely,L (2681) Bled ol (Men) 2002 (14.1) 1/2})) (7... d5 8.
O-O) 8. N1c3 O-O (8... a6 {Santos,A-Trevelyan,C EU-ch U21 fin-C 1975 (7) 0-1})
9. Be3 (9. O-O) 9... Bc5 10. Bxc5 Qxc5 11. Nd6 Ne8 12. Nce4 {[%csl Rc5]
L'ouverture des Noirs était un peu douteuse et le danois a des problèmes de
développement} Qe5 13. Qd2 Nxd6 14. Nxd6 $16 {[%csl Rb7,Rc8,Rd7,Gg2]} Nd4 15.
Ne4 Nf5 16. Qc3 Qc7 (16... Qxc3+ 17. Nxc3 {[%csl Rb7,Gg2]} Rb8) 17. Rd1 Rb8 18.
O-O b6 19. Bh3 $1 {Le Nf5 est la seule pièce Noire active} Ne7 20. Nd6 Bb7 21.
Rd2 Nc8 22. Nxb7 Rxb7 23. Bg2 Rb8 24. Rfd1 d6 25. Rd4 b5 26. Rc1 Qb6 27. c5 $32
{Avec un meilleur développement, les Blancs ont intérêt à ouvrir le jeu}
dxc5 28. Qxc5 Qa6 29. Be4 g6 30. Qe5 Ne7 31. Rd7 Nf5 32. Bxf5 exf5 33. Rxf7 {
[%csl Rb8]} Rxf7 (33... Kxf7 34. Rc7+ {[%cal Ge5g7]}) 34. Qxb8+ Kg7 35. Rc8 Qa4
36. Rd8 Qe4 (36... Re7) 37. Qxb5 Qb1+ 38. Kg2 Qxa2 39. Qe5+ Kh6 40. Rd4 $18 g5
41. h4 Qb3 42. Rd6+ Kh5 43. hxg5 Qc4 44. g6 hxg6 45. Qh8+ Kg5 46. f4+ Kg4 47.
Qh3# 1-0

[Event "World U16-ch10"]
[Site "Champigny sur Marne"]
[Date "1984.04.??"]
[Round "?"]
[White "Rappa, Damian"]
[Black "Ivanchuk, Vassily"]
[Result "0-1"]
[WhiteElo "2290"]
[BlackElo "2390"]
[PlyCount "96"]
[EventDate "1984.04.01"]
[EventType "swiss"]
[EventRounds "11"]
[EventCountry "FRA"]
[SourceTitle "EXT 2015"]
[Source "ChessBase"]
[SourceDate "2014.11.20"]
[SourceVersion "1"]
[SourceVersionDate "2014.11.20"]
[SourceQuality "1"]
[TimeControl "40/9000:16/5400:0"]

1. e4 e6 2. d4 d5 3. Nd2 Nf6 4. e5 Nfd7 5. Bd3 c5 6. c3 Nc6 7. Ne2 cxd4 8. cxd4
f6 9. exf6 Nxf6 (9... Qxf6 10. Nf3 (10. O-O)) 10. O-O Bd6 11. Nf3 Qc7 (11...
Qb6) (11... O-O) 12. Re1 {[%csl Re6] Un peu trop lent} (12. Bg5 $142 {La
grande ligne} O-O 13. Bh4) 12... O-O 13. Ng3 e5 (13... Bd7) 14. dxe5 Nxe5 15.
Be2 $146 (15. Nxe5 $142 Bxe5 16. Qb3 Kh8 17. Bd2 Bd7 18. Bb4 Rf7 19. Rac1 Bc6
20. Ba5 Qxa5 21. Rxe5 Ng4 22. Rh5 h6 23. Bb1 Qd2 24. Qc2 Qxf2+ 25. Qxf2 Nxf2
26. Rh4 Raf8 27. Bf5 Ne4 28. Bxe4 dxe4 29. Nxe4 Kg8 30. h3 g5 31. Rg4 Kh8 32.
Nd2 Kg7 33. h4 Kg6 34. hxg5 hxg5 35. Rf1 Rxf1+ 36. Nxf1 Rd8 37. Kf2 a5 38. Rg3
Rd1 39. Rb3 Rb1 40. Ne3 b5 41. Kg3 b4 {1/2-1/2 (41) Sulman,R (2290)-Van
Tilbury,C (2350) New York 1979}) 15... Neg4 $1 {[%csl Rf2] Profitant du fait
que les Blancs n'ont pas échangé le Ne5} 16. Rf1 Qb6 17. Qb3 Bc5 18. Qxb6
Bxb6 19. Bd2 Ne4 $132 {[%cal Ge4d2,Ge4f2]} 20. Be1 Nxg3 21. hxg3 Bd7 22. Rd1
Rae8 {Les pièces Noires sont très actives} 23. Bd3 Ne5 24. Nxe5 Rxe5 25. Bd2
Bf5 26. Bc3 Bxd3 27. Rxd3 Re2 $36 {[%csl Ge2,Rf2]} 28. Rxd5 Bxf2+ 29. Kh1 Bxg3
30. Rxf8+ Kxf8 31. Rg5 Re3 32. Kg1 (32. Rxg7 $2 Rxc3) 32... g6 33. Kf1 Kf7 34.
Rd5 h5 $1 35. Rd7+ Re7 36. Rd8 h4 $17 37. Bb4 Rc7 38. Bc3 Re7 39. Bb4 Rc7 40.
Bc3 g5 41. Rh8 Kg6 42. Ke2 {Malgré l'ajournement, les Blancs ne peuvent pas
sauver la nulle} Re7+ 43. Kf3 Rf7+ 44. Ke3 Rf2 45. Rg8+ Kh5 {[%csl Gh5][%cal
Gh5g4]} 46. Bd2 Rxg2 47. Kd3 Be5 48. b3 h3 {Biulletin CCC of the USSR 1984, No.
15, p. 10-11} 0-1

[Event "World U16-ch10"]
[Site "Champigny sur Marne"]
[Date "1984.04.??"]
[Round "2"]
[White "Ivanchuk, Vassily"]
[Black "Hampton, Paul"]
[Result "1-0"]
[WhiteElo "2390"]
[BlackElo "2200"]
[PlyCount "59"]
[EventDate "1984.04.01"]
[EventType "swiss"]
[EventRounds "11"]
[EventCountry "FRA"]
[SourceTitle "EXT 2015"]
[Source "ChessBase"]
[SourceDate "2014.11.20"]
[SourceVersion "1"]
[SourceVersionDate "2014.11.20"]
[SourceQuality "1"]
[TimeControl "40/9000:16/5400:0"]

1. d4 {Il s'agissait de la première partie jouée à l'ouest par "Tchouki"}
Nf6 2. c4 e6 3. Nf3 Bb4+ 4. Nbd2 (4. Bd2) 4... d5 (4... b6) (4... O-O) 5. Qa4+
Nc6 6. a3 (6. e3 O-O 7. Bd3 (7. a3)) 6... Bxd2+ (6... Be7 {L'alternative
conservant un meilleur contrôle des cases Noires} 7. e3 O-O 8. Qc2 (8. b4)) 7.
Bxd2 Bd7 (7... Ne4 8. Rd1 $32) 8. Qc2 Ne4 9. e3 (9. Rd1) (9. Bf4) 9... O-O 10.
Bd3 f5 {La position Noire est passive mais solide} 11. b4 $14 {[%csl Rd7]} Be8
12. b5 $1 Nb8 13. cxd5 $1 {[%csl Rc7,Rf5]} exd5 14. Ba5 $1 {Provoque un petit
affaiblissement des cases Blanches et la paire de B va commencer à s'activer}
b6 {[%csl Rc6,Rc7]} 15. Bb4 Rf6 16. a4 Nd7 17. Nd2 $1 Rc8 18. Qa2 $16 {[%csl
Rd5]} Bf7 19. Rc1 c5 20. bxc6 Rfxc6 21. Rxc6 Rxc6 22. Qb2 Qc7 23. O-O Rh6 (
23... Nxd2 $142 $1 24. Qxd2 Rh6 {[%csl Rh2]}) 24. Nf3 Bh5 25. Rc1 Qd8 {[%cal
Gh5f3,Gd8h4,Gd8g5]} 26. Ba6 $40 {[%csl Rd8,Rg8][%cal Gc1c8]} Ndc5 27. dxc5 bxc5
28. Ba5 $1 Qxa5 29. Qb8+ Kf7 30. Ne5+ {[%emt 0:00:09] Biulletin CCC of the
USSR 184, No.15, p. 9} 1-0

[Event "World U16-ch10"]
[Site "Champigny sur Marne"]
[Date "1984.04.??"]
[Round "3"]
[White "Ivanchuk, Vassily"]
[Black "Southam, Todd"]
[Result "1-0"]
[WhiteElo "2390"]
[BlackElo "2200"]
[PlyCount "71"]
[EventDate "1984.04.01"]
[EventType "swiss"]
[EventRounds "11"]
[EventCountry "FRA"]
[SourceTitle "EXT 2015"]
[Source "ChessBase"]
[SourceDate "2014.11.20"]
[SourceVersion "1"]
[SourceVersionDate "2014.11.20"]
[SourceQuality "1"]
[TimeControl "40/9000:16/5400:0"]

1. d4 d5 2. c4 e6 3. Nc3 c5 4. cxd5 exd5 5. Nf3 Nc6 6. g3 Nf6 7. Bg2 Be7 8. O-O
O-O 9. Bg5 cxd4 10. Nxd4 h6 11. Be3 Be6 12. Qa4 Qd7 13. Rfd1 (13. Nxe6 Qxe6 (
13... fxe6 14. Rad1) 14. Nb5 Rac8 15. Rac1 a6 16. Nd4 Nxd4 17. Qxd4 Ne4 18.
Rxc8 Rxc8 19. Rd1 Nf6 20. Qd3 b5 21. Bd4 Ne4 22. b3 b4 23. Bb2 Bf6 24. Bxf6
Nxf6 25. e3 Rc3 26. Qd2 Qf5 27. Qe2 a5 28. h3 h5 29. Rd4 g6 30. Rf4 Qe5 31. Qa6
Kg7 32. Qxa5 g5 33. Rxb4 h4 34. g4 Rc1+ 35. Bf1 Ne4 36. Rxe4 Qxe4 37. Qb5 Qf3
38. Qd3 Qxh3 39. Qe2 Kf8 40. b4 f5 41. gxf5 Qxf5 42. Qa6 h3 {Ogaard,L (2460)
-Pfleger,H (2540) Manila 1975 0-1}) 13... Rfd8 $146 (13... Nxd4 14. Qxd4 (14.
Bxd4 Qxa4 15. Nxa4 {Panchenko,A (2495)-Azmaiparashvili,Z (2415) URS-ch48 sf
Dnipropetrovsk 1980 1-0}) 14... Rfd8) 14. Rac1 Ne5 15. Qb3 Rac8 16. Nxe6 fxe6
17. h3 Nc4 18. Bd4 $14 {[%csl Gd4,Re6,Gg2]} Na5 19. Qc2 Nc6 20. Be3 Qe8 21. Qb3
Na5 22. Qb5 b6 23. Qxe8+ Rxe8 24. Nb5 Nc4 25. Nxa7 (25. Bd4 e5 26. Nxa7 $13)
25... Ra8 26. Rxc4 $1 Rxa7 27. Rc6 Rxa2 28. Rxe6 {[%csl Re7,Re8]} Rxb2 (28...
Kf7 29. Rxb6) 29. Bd4 Rb4 30. Rxb6 Rxb6 31. Bxb6 Bd8 32. Bxd8 Rxd8 33. Rd4 $1
$40 {[%cal Ge2e4,Gd4d8]} Re8 34. Kf1 Re5 35. f4 Re3 36. Kf2 {[%emt 0:00:10]
Biulletin CCC of the USSR 1984, No.15, p.} 1-0

[Event "URS-ch U20"]
[Site "Tallinn"]
[Date "1986.??.??"]
[Round "?"]
[White "Ivanchuk, Vassily"]
[Black "Bareev, Evgeny"]
[Result "1-0"]
[WhiteElo "2475"]
[BlackElo "2470"]
[PlyCount "135"]
[EventDate "1986.01.??"]
[EventType "tourn"]
[EventRounds "15"]
[EventCountry "URS"]
[EventCategory "8"]
[SourceTitle "EXT 2002"]
[Source "ChessBase"]
[SourceDate "2001.11.25"]
[SourceVersion "1"]
[SourceVersionDate "2001.11.25"]
[SourceQuality "1"]

1. e4 e6 2. d4 d5 3. Nd2 c5 4. exd5 exd5 5. Bb5+ Bd7 6. Bxd7+ Nxd7 7. Ne2 c4 8.
b3 cxb3 9. axb3 a6 10. O-O Bd6 11. c4 Ne7 12. c5 Bc7 13. Nf3 Nb8 14. Bg5 f6 15.
Bf4 Nbc6 16. Qd2 Ba5 17. Qd3 O-O 18. Bd6 Re8 19. Ng3 Qd7 20. h3 Nc8 21. Bf4
N8a7 22. Bd2 Bc7 23. Rfe1 Nb5 24. Nf1 Qf7 25. Rxe8+ Rxe8 26. Ne3 Re4 27. Nc2
Qd7 28. Be3 g6 29. Na3 Nba7 30. Rb1 Nb4 31. Qc3 Ba5 32. Nd2 Re8 33. Ndc4 dxc4
34. Nxc4 Nb5 35. Qd2 Nxd4 36. Nxa5 Nbc2 37. Rd1 Rd8 38. Kh1 Qb5 39. b4 Nxb4 40.
Bxd4 Qxa5 41. Qe1 Kf7 42. Bc3 Rxd1 43. Qxd1 Qxc5 44. Qd7+ Qe7 45. Qxe7+ Kxe7
46. Bxb4+ Ke6 47. Kg1 Kd5 48. Kf1 Kc4 49. Ba5 b5 50. Ke2 b4 51. Kd2 Kb3 52. Kc1
f5 53. h4 Ka4 54. Bd8 Kb3 55. Kb1 Kc3 56. g3 Kb3 57. Bf6 Ka3 58. Bg7 Kb3 59.
Bb2 a5 60. Bf6 a4 61. Bb2 Kc4 62. Kc2 a3 63. Bg7 b3+ 64. Kd2 Kd5 65. Bf8 Ke4
66. Bxa3 Kf3 67. Bc5 f4 68. Bd6 1-0

[Event "URS-ch U20"]
[Site "Tallinn"]
[Date "1986.??.??"]
[Round "?"]
[White "Pigusov, Evgeny"]
[Black "Ivanchuk, Vassily"]
[Result "1-0"]
[WhiteElo "2500"]
[BlackElo "2475"]
[PlyCount "109"]
[EventDate "1986.01.??"]
[EventType "tourn"]
[EventRounds "15"]
[EventCountry "URS"]
[EventCategory "8"]
[SourceTitle "EXT 2002"]
[Source "ChessBase"]
[SourceDate "2001.11.25"]
[SourceVersion "1"]
[SourceVersionDate "2001.11.25"]
[SourceQuality "1"]

1. c4 e6 2. Nf3 Nf6 3. g3 d5 4. Bg2 Be7 5. O-O O-O 6. b3 c5 7. Bb2 Nc6 8. e3 d4
9. exd4 cxd4 10. d3 e5 11. Re1 Nd7 12. a3 a5 13. Qc2 f6 14. Nbd2 Nc5 15. Ne4
Na6 16. h3 Be6 17. g4 Qd7 18. Ng3 Nc5 19. Nd2 Rab8 20. Nde4 Nxe4 21. Bxe4 Rfc8
22. Bc1 b5 23. Bd2 g6 24. f4 a4 25. f5 Bf7 26. b4 bxc4 27. dxc4 d3 28. Qxd3
Qxd3 29. Bxd3 Rd8 30. Re3 Na5 31. Rc1 Bf8 32. Ne4 Nb3 33. Rc2 Nxd2 34. Rxd2
gxf5 35. gxf5 Bh6 36. Kf2 Kf8 37. c5 Ke7 38. Rc2 Bxe3+ 39. Kxe3 Rd4 40. b5 Bd5
41. c6 Rc8 42. c7 Bxe4 43. Bxe4 Rd6 44. Bb7 Kd7 45. Bxc8+ Kxc8 46. Rc5 h6 47.
h4 h5 48. Ke4 Rb6 49. Kd5 Rb7 50. Kd6 e4 51. Rc4 Rxb5 52. Rxe4 Rb6+ 53. Kc5
Kxc7 54. Rc4 Kb7 55. Rxa4 1-0

[Event "URS-chT Republics 18th final A"]
[Site "Minsk"]
[Date "1986.07.18"]
[Round "2"]
[White "Ivanchuk, Vassily"]
[Black "Pigusov, Evgeny"]
[Result "1-0"]
[WhiteElo "2475"]
[BlackElo "2500"]
[PlyCount "91"]
[EventDate "1986.07.??"]
[EventType "team-tourn"]
[EventRounds "5"]
[EventCountry "URS"]
[SourceTitle "EXT 2020"]
[Source "ChessBase"]
[SourceDate "2019.10.17"]
[SourceVersion "1"]
[SourceVersionDate "2019.10.17"]
[SourceQuality "1"]
[WhiteTeam "Ukraine"]
[BlackTeam "Russia"]
[WhiteTeamCountry "UKR"]
[BlackTeamCountry "RUS"]

1. e4 c5 2. Nf3 Nc6 3. d4 cxd4 4. Nxd4 g6 5. Nc3 Bg7 6. Be3 Nf6 7. Bc4 O-O 8.
Bb3 d6 9. f3 Bd7 10. Qd2 Nxd4 11. Bxd4 b5 12. h4 a5 13. a3 e5 14. Be3 b4 15.
Nd5 a4 16. Bc4 bxa3 17. Rxa3 Rb8 18. b3 axb3 19. cxb3 Nxd5 20. Bxd5 Be6 21. Kf2
Bxd5 22. Qxd5 Qe7 23. Ra7 Qe6 24. Qxe6 fxe6 25. Rd1 Rf7 26. Rxd6 Rxa7 27. Bxa7
Rxb3 28. Rxe6 Rb2+ 29. Kg3 Kf7 30. Rc6 Rb7 31. Be3 Bf6 32. Bh6 Ra7 33. Kg4 Rb7
34. g3 Be7 35. Rc8 Bf6 36. h5 Rb3 37. Rc7+ Kg8 38. hxg6 hxg6 39. Bd2 Rb6 40.
Bc3 Re6 41. f4 Kf8 42. Rc5 exf4 43. Bxf6 Rxf6 44. gxf4 Re6 45. e5 Re7 46. Rc6
1-0

[Event "URS-chT Republics 18th final A"]
[Site "Minsk"]
[Date "1986.07.22"]
[Round "5"]
[White "Ivanchuk, Vassily"]
[Black "Sokolov, Andrei"]
[Result "1/2-1/2"]
[WhiteElo "2475"]
[BlackElo "2620"]
[PlyCount "95"]
[EventDate "1986.07.??"]
[EventType "team-tourn"]
[EventRounds "5"]
[EventCountry "URS"]
[SourceTitle "EXT 2020"]
[Source "ChessBase"]
[SourceDate "2019.10.17"]
[SourceVersion "1"]
[SourceVersionDate "2019.10.17"]
[SourceQuality "1"]
[WhiteTeam "Ukraine"]
[BlackTeam "Moscow"]
[WhiteTeamCountry "UKR"]
[BlackTeamCountry "RUS"]

1. d4 Nf6 2. c4 e6 3. g3 d5 4. Bg2 dxc4 5. Nf3 c5 6. O-O Nc6 7. Ne5 Bd7 8. Na3
cxd4 9. Naxc4 Bc5 10. a3 O-O 11. b4 Be7 12. Bb2 Rc8 13. Nxd7 Qxd7 14. b5 Nb8
15. Qb3 Qc7 16. Rac1 Bc5 17. Qf3 Nd5 18. e3 dxe3 19. fxe3 f6 20. Kh1 Nd7 21.
Bh3 Rfe8 22. e4 N5b6 23. e5 Nxc4 24. exf6 Nde5 25. f7+ Qxf7 26. Qxf7+ Nxf7 27.
Rxc4 Nd6 28. Rg4 Nf5 29. Re4 Rcd8 30. a4 b6 31. Rfe1 g6 32. Bf1 Bd4 33. Ba3 e5
34. Rc1 Rc8 35. Ree1 Bc5 36. Bxc5 bxc5 37. a5 Nd4 38. Bh3 Rc7 39. Bf1 Kg7 40.
b6 axb6 41. axb6 Rb7 42. Rxc5 Rxb6 43. Rcxe5 Rxe5 44. Rxe5 Rb1 45. Kg2 Rb2+ 46.
Kh1 h5 47. Re4 Rd2 48. Re3 1/2-1/2

[Event "URS-chT Republics 18th Group1"]
[Site "Minsk"]
[Date "1986.07.11"]
[Round "1"]
[White "Ivanchuk, Vassily"]
[Black "Ehlvest, Jaan"]
[Result "1/2-1/2"]
[WhiteElo "2475"]
[BlackElo "2445"]
[PlyCount "81"]
[EventDate "1986.07.11"]
[EventType "team-tourn"]
[EventRounds "4"]
[EventCountry "URS"]
[SourceTitle "EXT 2020"]
[Source "ChessBase"]
[SourceDate "2019.10.17"]
[SourceVersion "1"]
[SourceVersionDate "2019.10.17"]
[SourceQuality "1"]
[WhiteTeam "Ukraine"]
[BlackTeam "Estonia"]
[WhiteTeamCountry "UKR"]
[BlackTeamCountry "EST"]

1. d4 d5 2. Nf3 Nf6 3. c4 c6 4. Nc3 dxc4 5. a4 Bf5 6. e3 e6 7. Bxc4 Bb4 8. O-O
Nbd7 9. Nh4 Bg4 10. f3 Bh5 11. g4 Nd5 12. Ng2 Bg6 13. Na2 Be7 14. e4 N5b6 15.
Be2 a5 16. Qb3 h5 17. Nf4 hxg4 18. Nxg6 fxg6 19. Be3 Nf6 20. Qxe6 Qd6 21. Qxd6
Bxd6 22. e5 Nfd5 23. Bd2 Be7 24. fxg4 Nxa4 25. Nc3 Naxc3 26. bxc3 b5 27. c4
bxc4 28. Bxc4 a4 29. Rab1 Rh4 30. Be2 a3 31. Rfc1 Ra4 32. Rxc6 Rxd4 33. Be1 Rh3
34. Rb8+ Kf7 35. g5 Re3 36. Bf2 Rxe5 37. Bxd4 Rxe2 38. Ra8 Rd2 39. Bc5 Rc2 40.
Bxe7 Rxc6 41. Bxa3 1/2-1/2

[Event "URS-chT Republics 18th Group1"]
[Site "Minsk"]
[Date "1986.07.14"]
[Round "4"]
[White "Giorgadze, Giorgi"]
[Black "Ivanchuk, Vassily"]
[Result "1/2-1/2"]
[WhiteElo "2340"]
[BlackElo "2475"]
[PlyCount "50"]
[EventDate "1986.07.11"]
[EventType "team-tourn"]
[EventRounds "4"]
[EventCountry "URS"]
[SourceTitle "EXT 2020"]
[Source "ChessBase"]
[SourceDate "2019.10.17"]
[SourceVersion "1"]
[SourceVersionDate "2019.10.17"]
[SourceQuality "1"]
[WhiteTeam "Georgia"]
[BlackTeam "Ukraine"]
[WhiteTeamCountry "GEO"]
[BlackTeamCountry "UKR"]

1. d4 Nf6 2. c4 g6 3. Nc3 d5 4. e3 Bg7 5. Nf3 O-O 6. Be2 dxc4 7. O-O c5 8. Bxc4
cxd4 9. exd4 Nc6 10. Re1 b6 11. Bg5 Bb7 12. a3 h6 13. Bf4 e6 14. Ba2 g5 15. Bg3
Nh5 16. d5 exd5 17. Bxd5 Nxg3 18. hxg3 Qd7 19. Be4 Qxd1 20. Raxd1 Rfd8 21. Nb5
Rxd1 22. Rxd1 Re8 23. Nd6 Rd8 24. Rd2 Nd4 25. Bxb7 Rxd6 1/2-1/2

[Event "URS-ch Army"]
[Site "Tashkent"]
[Date "1987.??.??"]
[Round "?"]
[White "Ivanchuk, Vassily"]
[Black "Kharitonov, Andrei Y"]
[Result "1/2-1/2"]
[WhiteElo "2475"]
[BlackElo "2500"]
[PlyCount "96"]
[EventDate "1987.04.02"]
[EventType "tourn"]
[EventRounds "17"]
[EventCountry "URS"]
[EventCategory "9"]
[SourceTitle "EXT 2000"]
[Source "ChessBase"]
[SourceDate "1999.11.16"]
[SourceVersion "1"]
[SourceVersionDate "1999.11.16"]
[SourceQuality "1"]

1. d4 Nf6 2. c4 e6 3. Nf3 Bb4+ 4. Bd2 Bxd2+ 5. Qxd2 O-O 6. g3 b6 7. Nc3 Bb7 8.
d5 d6 9. Bg2 e5 10. O-O Nbd7 11. Ne1 a5 12. Nd3 Nc5 13. f4 exf4 14. gxf4 Re8
15. Nxc5 bxc5 16. e4 Ba6 17. b3 a4 18. Rae1 Nd7 19. Re3 axb3 20. axb3 Rb8 21.
Ne2 f5 22. Ng3 fxe4 23. Nxe4 Nf6 24. Ng5 Bc8 25. f5 Rxe3 26. Qxe3 Ra8 27. Ne6
Qe7 28. Qg3 Ne8 29. Nxc5 Qf6 30. Ne4 Qd4+ 31. Qf2 Qxf2+ 32. Rxf2 Ra1+ 33. Bf1
Re1 34. Ng3 Nf6 35. Re2 Rb1 36. Re7 Bd7 37. Re3 Kf7 38. h3 h5 39. Rf3 h4 40.
Ne2 Ne4 41. Nd4 Nd2 42. Rf2 Nxb3 43. Ne6 Nc5 44. Rf4 Kf6 45. Rxh4 Kxf5 46. Nxc7
Ne4 47. Kg2 Rb2+ 48. Kg1 Rb1 1/2-1/2

[Event "Wch U20"]
[Site "Baguio City"]
[Date "1987.??.??"]
[Round "?"]
[White "Ivanchuk, Vassily"]
[Black "Hellers, Ferdinand"]
[Result "1-0"]
[WhiteElo "2480"]
[BlackElo "2490"]
[PlyCount "83"]
[EventDate "1987.07.??"]
[EventType "swiss"]
[EventRounds "13"]
[EventCountry "PHI"]
[SourceTitle "EXT 1997"]
[Source "ChessBase"]
[SourceDate "1996.11.15"]
[SourceVersion "1"]
[SourceVersionDate "1996.11.15"]
[SourceQuality "1"]

1. d4 Nf6 2. c4 e6 3. Nc3 Bb4 4. e3 c5 5. Bd3 Nc6 6. Nge2 cxd4 7. exd4 d5 8.
cxd5 Qxd5 9. O-O Qh5 10. Ne4 Nxe4 11. Bxe4 Bd6 12. Bf4 Bxf4 13. Nxf4 Qxd1 14.
Rfxd1 Bd7 15. Nd3 Rc8 16. d5 exd5 17. Bxd5 b6 18. Re1+ Kf8 19. Rad1 g6 20. Ne5
Nxe5 21. Rxe5 Re8 22. Rxe8+ Bxe8 23. Rc1 Ke7 24. Rc8 Rf8 25. Ra8 a5 26. Ra6 Kd6
27. Bb3 Bb5 28. Rxb6+ Kc5 29. Rb7 Re8 30. h4 a4 31. Bxf7 Re1+ 32. Kh2 Re2 33.
Kg3 Rxb2 34. Be8 h6 35. h5 g5 36. Rxb5+ Rxb5 37. Bxb5 Kxb5 38. f4 gxf4+ 39.
Kxf4 Kb4 40. g4 Ka3 41. g5 hxg5+ 42. Ke3 1-0

[Event "URS-ch FL55"]
[Site "Lvov"]
[Date "1987.11.08"]
[Round "3"]
[White "Kaidanov, Gregory S"]
[Black "Ivanchuk, Vassily"]
[Result "0-1"]
[WhiteElo "2475"]
[BlackElo "2480"]
[PlyCount "68"]
[EventDate "1987.11.??"]
[EventType "tourn"]
[EventRounds "17"]
[EventCountry "URS"]
[EventCategory "10"]
[SourceTitle "EXT 2018"]
[Source "ChessBase"]
[SourceDate "2017.10.13"]
[SourceVersion "1"]
[SourceVersionDate "2017.10.13"]
[SourceQuality "1"]

1. d4 d5 2. c4 e6 3. Nf3 Nf6 4. Nc3 dxc4 5. e4 Bb4 6. Bg5 c5 7. Bxc4 cxd4 8.
Nxd4 Bxc3+ 9. bxc3 Qa5 10. Bxf6 Qxc3+ 11. Kf1 gxf6 12. Rc1 Qa5 13. Bb5+ Ke7 14.
e5 fxe5 15. Qh5 Nd7 16. Qg5+ Kf8 17. Qh6+ Ke8 18. Qg7 Rf8 19. Qxe5 Qd2 20. Nb3
Qb4 21. Qh5 a6 22. Bd3 b5 23. Re1 Nf6 24. Qe5 Nd5 25. Nd4 Bb7 26. h4 Rd8 27.
Rh3 Qd6 28. Qg5 Ne7 29. Rd1 Rg8 30. Nxb5 Qb8 31. Qc1 Bxg2+ 32. Ke1 Bxh3 33.
Nc7+ Kf8 34. Qh6+ Rg7 0-1

[Event "URS-ch FL55"]
[Site "Lvov"]
[Date "1987.11.16"]
[Round "9"]
[White "Mikhalchishin, Adrian"]
[Black "Ivanchuk, Vassily"]
[Result "1/2-1/2"]
[WhiteElo "2500"]
[BlackElo "2480"]
[PlyCount "115"]
[EventDate "1987.11.??"]
[EventType "tourn"]
[EventRounds "17"]
[EventCountry "URS"]
[EventCategory "10"]
[SourceTitle "EXT 2018"]
[Source "ChessBase"]
[SourceDate "2017.10.13"]
[SourceVersion "1"]
[SourceVersionDate "2017.10.13"]
[SourceQuality "1"]

1. Nf3 Nf6 2. c4 e6 3. d4 d5 4. Nc3 Be7 5. Bg5 h6 6. Bh4 O-O 7. e3 b6 8. Bd3
Bb7 9. O-O Nbd7 10. Bg3 dxc4 11. Bxc4 c5 12. Qe2 a6 13. a4 cxd4 14. exd4 Bb4
15. Rac1 Bxc3 16. bxc3 Ne4 17. Bh4 Qc7 18. Bd3 Qc6 19. c4 Rfe8 20. Rfe1 Ng5 21.
Bxg5 hxg5 22. d5 exd5 23. Qxe8+ Rxe8 24. Rxe8+ Nf8 25. Re7 Bc8 26. Rxf7 Qc5 27.
Nxg5 Qa3 28. Rd1 Bg4 29. f3 Qb3 30. Rd2 Bh5 31. Rf4 Qc3 32. Rd1 Bg6 33. Bxg6
Qe3+ 34. Kf1 Qxf4 35. Bf7+ Kh8 36. Rxd5 Qxc4+ 37. Kf2 Qh4+ 38. Ke2 g6 39. a5 b5
40. h3 Qc4+ 41. Kf2 Qa2+ 42. Kg3 Qxa5 43. h4 Qc7+ 44. f4 Qb6 45. Re5 Qc7 46. h5
Qc3+ 47. Kg4 Qc8+ 48. Kg3 Qc3+ 49. Kg4 Qc2 50. h6 Qxg2+ 51. Kh4 Qh2+ 52. Kg4
Qxh6 53. Re8 Kg7 54. Bd5 Qh5+ 55. Kg3 Qd1 56. Re7+ Kh8 57. Nf7+ Kg8 58. Nh6+
1/2-1/2

[Event "URS-ch FL55"]
[Site "Lvov"]
[Date "1987.11.20"]
[Round "11"]
[White "Ivanchuk, Vassily"]
[Black "Romanishin, Oleg M"]
[Result "1-0"]
[WhiteElo "2480"]
[BlackElo "2555"]
[PlyCount "93"]
[EventDate "1987.11.??"]
[EventType "tourn"]
[EventRounds "17"]
[EventCountry "URS"]
[EventCategory "10"]
[SourceTitle "EXT 2018"]
[Source "ChessBase"]
[SourceDate "2017.10.13"]
[SourceVersion "1"]
[SourceVersionDate "2017.10.13"]
[SourceQuality "1"]

1. d4 Nf6 2. c4 e6 3. Nf3 b6 4. g3 Ba6 5. b3 Bb7 6. Bg2 Bb4+ 7. Bd2 a5 8. O-O
O-O 9. Qc2 h6 10. Bf4 a4 11. Nc3 Bxc3 12. Qxc3 d6 13. b4 b5 14. cxb5 Nbd7 15.
Rfc1 Rc8 16. Ne1 Bxg2 17. Nxg2 Nb6 18. Qd3 Qd7 19. Bd2 Rb8 20. Ne3 Rb7 21. Rc6
Nc8 22. Ra6 Nb6 23. Nd1 Ra8 24. Rc1 Rba7 25. e4 d5 26. e5 Nh7 27. Nb2 Nf8 28.
Rc3 Ng6 29. Ra3 Ne7 30. Ra5 Qe8 31. h3 Nf5 32. Kh2 Qf8 33. Ra6 Qe8 34. f4 Qd8
35. g4 Nh4 36. Be1 f5 37. Qg3 Rxa6 38. bxa6 g5 39. fxg5 hxg5 40. Qd3 Ng6 41.
gxf5 exf5 42. Qxf5 Kg7 43. Rg3 Nd7 44. Rxg5 Ndf8 45. h4 Rxa6 46. h5 Rc6 47. Bd2
1-0